[Event "Tatry op"]
[Site "Tatranske Zruby"]
[Date "2019.10.01"]
[Round "5"]
[White "Piankov, Evgenij"]
[Black "Talpa, Pavel"]
[Result "1-0"]
[WhiteElo "2237"]
[BlackElo "1876"]
[PlyCount "77"]
[EventDate "2019.09.28"]
[EventType "swiss"]
[EventRounds "9"]
[EventCountry "SVK"]
[SourceTitle "EXT 2020"]
[Source "ChessBase"]
[SourceDate "2019.10.17"]
[SourceVersion "1"]
[SourceVersionDate "2019.10.17"]
[SourceQuality "1"]

1. d4 f5 2. g3 d5 3. Bg2 Nf6 4. Nf3 e6 5. Bf4 Bd6 6. Bxd6 Qxd6 7. 0-0 Nbd7 8. c4 c6 9. Qb3 0-0 10. e3 Ne4 11. Nc3 Kh8 12. Rad1 Rf6 13. Nd2 Rh6 14. f3 Nxc3 15. bxc3 Nf6 16. Qb4 Qxb4 17. cxb4 Bd7 18. Rfe1 Rf8 19. e4 f4 20. gxf4 Nh5 21. f5 Nf4 22. fxe6 Bxe6 23. Bf1 Rff6 24. exd5 cxd5 25. cxd5 Nxd5 26. Rc1 g5 27. Ne4 Rfg6 28. Nc5 Nxb4 29. a3 Nc6 30. Nxe6 Rxe6 31. Rxe6 Rxe6 32. d5 Re3 33. dxc6 bxc6 34. a4 Rxf3 35. Rxc6 Rf7 36. Bc4 Re7 37. a5 Kg7 38. a6 h5 39. Kf2 1-0

[Event "Tatry op"]
[Site "Tatranske Zruby"]
[Date "2019.09.29"]
[Round "3"]
[White "Piankov, Evgenij"]
[Black "Biolek, Richard"]
[Result "1/2-1/2"]
[WhiteElo "2237"]
[BlackElo "2415"]
[PlyCount "34"]
[EventDate "2019.09.28"]
[EventType "swiss"]
[EventRounds "9"]
[EventCountry "SVK"]
[SourceTitle "EXT 2020"]
[Source "ChessBase"]
[SourceDate "2019.10.17"]
[SourceVersion "1"]
[SourceVersionDate "2019.10.17"]
[SourceQuality "1"]

1. d4 Nf6 2. Nf3 e6 3. g3 b5 4. Bg2 Bb7 5. 0-0 Be7 6. a4 b4 7. Nbd2 0-0 8. Re1 d5 9. Nb3 a5 10. Ne5 Nbd7 11. Nd3 Qc8 12. Bg5 h6 13. Bxf6 Nxf6 14. Ndc5 Bxc5 15. Nxc5 Ne4 16. Bxe4 dxe4 17. c3 bxc3 1/2-1/2

[Event "Raciborz op 19th"]
[Site "Raciborz"]
[Date "2019.02.14"]
[Round "8"]
[White "Drozniak, Stanislaw"]
[Black "Piankov, Evgenij"]
[Result "1/2-1/2"]
[WhiteElo "2048"]
[BlackElo "2225"]
[PlyCount "256"]
[EventDate "2019.02.09"]
[EventType "swiss"]
[EventRounds "9"]
[EventCountry "POL"]
[SourceTitle "CBM 188 Extra"]
[Source "ChessBase"]
[SourceDate "2019.02.26"]
[SourceVersion "1"]
[SourceVersionDate "2019.02.26"]
[SourceQuality "1"]

1. e4 c6 2. d4 d5 3. e5 Bf5 4. h4 Qc8 5. h5 h6 6. Nc3 e6 7. g4 Bh7 8. Be3 a6 9. Qd2 b5 10. Nge2 Nd7 11. f4 c5 12. Bg2 Nb6 13. b3 b4 14. Nd1 c4 15. c3 a5 16. Nb2 Qa6 17. 0-0 Rc8 18. Rac1 bxc3 19. Nxc3 Ba3 20. f5 Ne7 21. fxe6 fxe6 22. Qf2 Kd7 23. Qd2 g6 24. hxg6 Bxg6 25. Rf6 Rcg8 26. Ncd1 Bb4 27. Qe2 Bd3 28. Nxd3 cxd3 29. Qf3 Rc8 30. Rc5 a4 31. Bh3 axb3 32. axb3 Bxc5 33. dxc5 Na8 34. Rxe6 Qxe6 35. g5 Rcf8 36. Bxe6+ Kxe6 37. Qg4+ Nf5 38. Nf2 hxg5 39. Nxd3 Rfg8 40. Bxg5 Rh4 41. Nf4+ Kxe5 42. Bf6+ Kxf6 43. Qxg8 Rxf4 44. Qxa8 d4 45. c6 d3 46. Qd8+ Ke6 47. Qxd3 Rd4 48. Qb5 Ne7 49. b4 Rd1+ 50. Kf2 Rd2+ 51. Ke3 Rc2 52. Ke4 Rxc6 53. Qe5+ Kd7 54. Qd4+ Rd6 55. Qa7+ Kd8 56. b5 Nc8 57. Qc5 Kd7 58. Ke5 Re6+ 59. Kd4 Rd6+ 60. Kc3 Kd8 61. Kb4 Kd7 62. Ka5 Kd8 63. Qc3 Kd7 64. Qg7+ Kd8 65. Qf7 Rd7 66. Qf6+ Ne7 67. Ka6 Rd3 68. b6 Kd7 69. Kb7 Rd6 70. Qf8 Ke6 71. Qh6+ Ke5 72. Qh2+ Ke6 73. Qh3+ Ke5 74. Ka7 Nc6+ 75. Ka8 Kd5 76. b7 Kc5 77. b8Q Nxb8 78. Kxb8 Kc6 79. Qc3+ Kd7 80. Kb7 Ke6 81. Qc4+ Ke5 82. Kc7 Rd4 83. Qc3 Kd5 84. Qa5+ Ke4 85. Kc6 Rd3 86. Qb4+ Rd4 87. Qe1+ Kf5 88. Qe2 Kf4 89. Kc5 Re4 90. Qh2+ Kf3 91. Kd5 Re3 92. Qh4 Rd3+ 93. Ke5 Re3+ 94. Kd4 Re2 95. Qh5+ Kf2 96. Kd3 Re3+ 97. Kd2 Rg3 98. Qh1 Rg2 99. Kd3 Rg3+ 100. Ke4 Rg4+ 101. Kf5 Rd4 102. Qh3 Ke2 103. Qc3 Rh4 104. Qb2+ Kf3 105. Qa3+ Kf2 106. Qc5+ Kf3 107. Qd5+ Ke3 108. Kg5 Re4 109. Kf5 Rh4 110. Qg2 Rc4 111. Qf1 Rd4 112. Qh3+ Kd2 113. Ke5 Rb4 114. Qf3 Rc4 115. Kd5 Rb4 116. Kc5 Ra4 117. Qf2+ Kd3 118. Qf5+ Kc3 119. Qe5+ Kd3 120. Qd6+ Kc3 121. Kb5 Re4 122. Qd5 Rd4 123. Qe5 Kd3 124. Kc5 Rc4+ 125. Kd5 Rb4 126. Qg3+ Kc2 127. Kc5 Ra4 128. Qe3 Ra7 1/2-1/2

[Event "Brno op 8th"]
[Site "Brno"]
[Date "2018.11.17"]
[Round "9"]
[White "Piankov, Evgenij"]
[Black "Moskvin, Anatoly"]
[Result "0-1"]
[WhiteElo "2227"]
[BlackElo "2088"]
[PlyCount "100"]
[EventDate "2018.11.10"]
[EventType "swiss"]
[EventRounds "9"]
[EventCountry "CZE"]
[SourceTitle "CBM 187 Extra"]
[Source "ChessBase"]
[SourceDate "2018.11.04"]
[SourceVersion "1"]
[SourceVersionDate "2018.11.04"]
[SourceQuality "1"]

1. d4 Nf6 2. Nf3 c5 3. c3 Qc7 4. e3 d5 5. Be2 Bf5 6. 0-0 Nbd7 7. b3 e6 8. Bb2 Bd6 9. Nbd2 cxd4 10. exd4 0-0 11. c4 Rac8 12. c5 Be7 13. b4 Ne4 14. Nxe4 dxe4 15. Nd2 Nf6 16. Nc4 Rfd8 17. Qb3 Nd5 18. Rfe1 b6 19. Ne3 Bg6 20. Bc4 Nxe3 21. fxe3 Rb8 22. Qc2 a5 23. a3 b5 24. Ba2 a4 25. Qe2 Qc6 26. Rad1 f6 27. Rd2 Bf7 28. Red1 Rd7 29. Qg4 h5 30. Qg3 Rbd8 31. Bc3 Kf8 32. Bb1 Kg8 33. Qf4 Bg6 34. Qg3 Kh7 35. Qh3 Kg8 36. g4 hxg4 37. Qxg4 Rd5 38. Rg2 Rg5 39. Qh3 Rxg2+ 40. Kxg2 Rd5 41. Ba2 Rg5+ 42. Kf2 Bf5 43. d5 Qe8 44. Qf1 Qh5 45. Ke1 Qh4+ 46. Kd2 Qxh2+ 47. Kc1 Qxa2 48. d6 Rg2 49. Bd2 Rxd2 50. Rxd2 Qa1+ 0-1

[Event "Brno op 8th"]
[Site "Brno"]
[Date "2018.11.16"]
[Round "8"]
[White "Sernecki, Franciszek"]
[Black "Piankov, Evgenij"]
[Result "1/2-1/2"]
[WhiteElo "2188"]
[BlackElo "2227"]
[PlyCount "35"]
[EventDate "2018.11.10"]
[EventType "swiss"]
[EventRounds "9"]
[EventCountry "CZE"]
[SourceTitle "CBM 187 Extra"]
[Source "ChessBase"]
[SourceDate "2018.11.04"]
[SourceVersion "1"]
[SourceVersionDate "2018.11.04"]
[SourceQuality "1"]

1. e4 c6 2. d4 g6 3. Nf3 Bg7 4. Bd3 d5 5. Nbd2 Bg4 6. c3 Nd7 7. 0-0 dxe4 8. Nxe4 Ngf6 9. h3 Bxf3 10. Qxf3 Nxe4 11. Bxe4 Nf6 12. Bg5 Nxe4 13. Qxe4 Qd7 14. Rfe1 e6 15. Qf4 0-0 16. Bf6 Bxf6 17. Qxf6 Qd8 18. Qxd8 1/2-1/2

[Event "Hradec Kralove op 9th"]
[Site "Hradec Kralove"]
[Date "2018.10.04"]
[Round "6"]
[White "Piankov, Evgenij"]
[Black "Plischki, Sebastian"]
[Result "1/2-1/2"]
[WhiteElo "2218"]
[BlackElo "2430"]
[PlyCount "74"]
[EventDate "2018.09.30"]
[EventType "swiss"]
[EventRounds "9"]
[EventCountry "CZE"]
[SourceTitle "CBM 186 Extra"]
[Source "ChessBase"]
[SourceDate "2018.08.24"]
[SourceVersion "1"]
[SourceVersionDate "2018.08.24"]
[SourceQuality "1"]

1. d4 d6 2. Nf3 Bg4 3. Bg5 Bxf3 4. exf3 c6 5. c3 h6 6. Bh4 Nd7 7. Qb3 Qb6 8. Bc4 d5 9. Qxb6 axb6 10. Bd3 e6 11. 0-0 f5 12. Bg3 g5 13. f4 g4 14. Bh4 Ne7 15. Bxe7 Bxe7 16. g3 h5 17. Nd2 h4 18. f3 hxg3 19. hxg3 Nf6 20. Kg2 Kf7 21. Be2 Bd6 22. fxg4 fxg4 23. a3 c5 24. Rh1 Rxh1 25. Rxh1 cxd4 26. cxd4 Rc8 27. Bd3 b5 28. Nb3 b4 29. a4 Bb8 30. Rc1 Rxc1 31. Nxc1 Ba7 32. Nb3 Ke7 33. Kf2 Kd6 34. Be2 Ne4+ 35. Kg2 Nf6 36. Kf2 Ne4+ 37. Kg2 Nf6 1/2-1/2

[Event "Hradec Kralove op 9th"]
[Site "Hradec Kralove"]
[Date "2018.10.02"]
[Round "4"]
[White "Piankov, Evgenij"]
[Black "Zaehringer, Daniel"]
[Result "1-0"]
[WhiteElo "2218"]
[BlackElo "2110"]
[PlyCount "109"]
[EventDate "2018.09.30"]
[EventType "swiss"]
[EventRounds "9"]
[EventCountry "CZE"]
[SourceTitle "CBM 186 Extra"]
[Source "ChessBase"]
[SourceDate "2018.08.24"]
[SourceVersion "1"]
[SourceVersionDate "2018.08.24"]
[SourceQuality "1"]

1. Nf3 d5 2. g3 Nf6 3. Bg2 e6 4. 0-0 Be7 5. d4 0-0 6. c4 dxc4 7. Qa4 a6 8. Qxc4 b5 9. Qc2 Bb7 10. a4 Nbd7 11. axb5 axb5 12. Rxa8 Bxa8 13. Nc3 b4 14. Na4 Be4 15. Qb3 Bd5 16. Qd1 c5 17. dxc5 Nxc5 18. Nxc5 Bxc5 19. Ne5 Bxg2 20. Qxd8 Rxd8 21. Kxg2 Rc8 22. Nd3 Be7 23. Bf4 Nd5 24. Ra1 Nxf4+ 25. gxf4 g6 26. Kf3 Kg7 27. Ra7 Kf8 28. Ra1 Rc2 29. Rc1 Rxc1 30. Nxc1 Bf6 31. b3 Ke7 32. Na2 Kd6 33. Nxb4 Bd4 34. e3 Bb6 35. Ke4 f5+ 36. Kd3 e5 37. fxe5+ Kxe5 38. f3 g5 39. Nc2 h5 40. Na3 Bc7 41. Nb5 Bb6 42. Nc3 g4 43. Ke2 h4 44. Nd1 Kd5 45. e4+ Ke5 46. exf5 gxf3+ 47. Kxf3 Kxf5 48. Ne3+ Ke6 49. h3 Bd8 50. Kg4 Ke5 51. Nf5 Kd5 52. Nxh4 Kc5 53. Nf3 Kb4 54. Ng5 Kxb3 55. Kf5 1-0

[Event "Hradec Kralove op 8th"]
[Site "Hradec Kralove"]
[Date "2017.10.07"]
[Round "8"]
[White "Piankov, Evgenij"]
[Black "Eryshkanova, Anastasiya"]
[Result "0-1"]
[WhiteElo "2254"]
[BlackElo "2127"]
[PlyCount "138"]
[EventDate "2017.10.01"]
[EventType "swiss"]
[EventRounds "9"]
[EventCountry "CZE"]
[SourceTitle "CBM 181 Extra"]
[Source "ChessBase"]
[SourceDate "2017.12.12"]
[SourceVersion "1"]
[SourceVersionDate "2017.12.12"]
[SourceQuality "1"]

1. d4 e6 2. g3 c5 3. Nf3 b6 4. Bg2 Bb7 5. 0-0 Nf6 6. c4 d6 7. Nc3 cxd4 8. Nxd4 Bxg2 9. Kxg2 Be7 10. Qa4+ Qd7 11. Qxd7+ Kxd7 12. b3 Rc8 13. Bb2 Nc6 14. Nf3 a6 15. Rfd1 h6 16. Nd2 Kc7 17. Nce4 Nxe4 18. Nxe4 f5 19. Nd2 g6 20. e4 b5 21. exf5 gxf5 22. f4 Nb4 23. Kf3 h5 24. Bc3 Nc6 25. Re1 Kd7 26. Re3 Rg8 27. Rae1 Rg6 28. Rd3 b4 29. Be5 Kc7 30. Bb2 h4 31. Nf1 a5 32. Rd2 a4 33. Ne3 hxg3 34. hxg3 Rag8 35. Nf1 Rh6 36. Rh2 Rxh2 37. Nxh2 Kd7 38. Nf1 Ra8 39. Ke3 Bd8 40. Nd2 Bb6+ 41. Kf3 axb3 42. axb3 Ra2 43. Rb1 Nd4+ 44. Bxd4 Bxd4 45. Rd1 Rb2 46. g4 Bc3 47. Nf1 fxg4+ 48. Kxg4 Rxb3 49. f5 Be5 50. c5 d5 51. c6+ Kd6 52. c7 exf5+ 53. Kxf5 Rf3+ 54. Kg4 Rc3 55. Ne3 d4 56. Kf5 Rxc7 57. Ke4 Ke6 58. Nf5 d3 59. Rxd3 Rc4+ 60. Nd4+ Kd6 61. Ke3 Bxd4+ 62. Rxd4+ Kc5 63. Rd8 Rc3+ 64. Kd2 Kc4 65. Rb8 Kb3 66. Rb7 Rc5 67. Rb8 Ka3 68. Rd8 Kb2 69. Kd1 b3 0-1

[Event "Hradec Kralove op 8th"]
[Site "Hradec Kralove"]
[Date "2017.10.06"]
[Round "7"]
[White "Piankov, Evgenij"]
[Black "Wolf, Andreas"]
[Result "1-0"]
[WhiteElo "2254"]
[BlackElo "2006"]
[PlyCount "91"]
[EventDate "2017.10.01"]
[EventType "swiss"]
[EventRounds "9"]
[EventCountry "CZE"]
[SourceTitle "CBM 181 Extra"]
[Source "ChessBase"]
[SourceDate "2017.12.12"]
[SourceVersion "1"]
[SourceVersionDate "2017.12.12"]
[SourceQuality "1"]

1. d4 Nf6 2. c4 e6 3. Nf3 d5 4. Nc3 c6 5. Bg5 Be7 6. e3 0-0 7. Qc2 h6 8. Bh4 Nbd7 9. cxd5 Nxd5 10. Bxe7 Qxe7 11. Be2 Nxc3 12. bxc3 e5 13. 0-0 exd4 14. cxd4 Nb6 15. a4 Bg4 16. h3 Bh5 17. Rfc1 Rfe8 18. Qc5 Bxf3 19. Bxf3 Qxc5 20. Rxc5 Re7 21. a5 Nd7 22. Rc2 a6 23. Rb1 Nf8 24. Rcb2 Ra7 25. d5 cxd5 26. Bxd5 Ne6 27. Rxb7 Rexb7 28. Bxb7 Nc5 29. Bd5 Kf8 30. Rb6 Nd7 31. Rc6 Ke7 32. Bc4 Ne5 33. Rxa6 Rxa6 34. Bxa6 Nc6 35. Bb7 Nxa5 36. Bd5 f5 37. f3 Kd6 38. e4 fxe4 39. fxe4 Nc6 40. Bxc6 Kxc6 41. Kf2 Kd6 42. Kf3 Ke5 43. Ke3 g6 44. h4 g5 45. hxg5 hxg5 46. g3 1-0

[Event "Hradec Kralove op 8th"]
[Site "Hradec Kralove"]
[Date "2017.10.04"]
[Round "5"]
[White "Piankov, Evgenij"]
[Black "Sernecki, Franciszek"]
[Result "1/2-1/2"]
[WhiteElo "2254"]
[BlackElo "2109"]
[PlyCount "96"]
[EventDate "2017.10.01"]
[EventType "swiss"]
[EventRounds "9"]
[EventCountry "CZE"]
[SourceTitle "CBM 181 Extra"]
[Source "ChessBase"]
[SourceDate "2017.12.12"]
[SourceVersion "1"]
[SourceVersionDate "2017.12.12"]
[SourceQuality "1"]

1. Nf3 d5 2. g3 Nf6 3. Bg2 e6 4. 0-0 Be7 5. d4 0-0 6. c4 dxc4 7. Qa4 a6 8. Qxc4 b5 9. Qc2 Bb7 10. a4 Be4 11. Qb3 Bd5 12. Qd3 b4 13. Nbd2 Nbd7 14. e4 Bb7 15. e5 Nd5 16. Ne4 h6 17. Be3 Nxe3 18. Qxe3 Nb6 19. Rfc1 Qd7 20. a5 Nd5 21. Qd3 Bc6 22. Nfd2 Bb5 23. Qc2 Rab8 24. Nc5 Bxc5 25. Qxc5 Rfd8 26. Bf1 Bxf1 27. Nxf1 Rb7 28. Qc4 Qb5 29. Qxb5 Rxb5 30. Rc6 Ra8 31. Ne3 Ra7 32. Kf1 Kf8 33. Ke2 Ke7 34. Nxd5+ Rxd5 35. Rc4 Rb7 36. Kd3 Kd7 37. f4 h5 38. Ke4 g6 39. h3 c5 40. Rxc5 Rxc5 41. dxc5 Kc6 42. Kd4 Rb5 43. Kc4 Rxc5+ 44. Kxb4 Rb5+ 45. Kc3 Rc5+ 46. Kd3 Rb5 47. Kc3 Rc5+ 48. Kd4 Rb5 1/2-1/2

[Event "Trebic Highlands op 11th"]
[Site "Trebic"]
[Date "2017.09.25"]
[Round "3"]
[White "Piankov, Evgenij"]
[Black "Vincze, Roman"]
[Result "1/2-1/2"]
[WhiteElo "2258"]
[BlackElo "2099"]
[PlyCount "76"]
[EventDate "2017.09.23"]
[EventType "swiss"]
[EventRounds "9"]
[EventCountry "CZE"]
[SourceTitle "EXT 2018"]
[Source "ChessBase"]
[SourceDate "2017.10.13"]
[SourceVersion "1"]
[SourceVersionDate "2017.10.13"]
[SourceQuality "1"]

1. d4 d5 2. Bg5 h6 3. Bh4 Bf5 4. e3 c6 5. Bd3 Bxd3 6. Qxd3 Qb6 7. b3 Nd7 8. f4 e5 9. Qd2 exd4 10. exd4 Ngf6 11. Nf3 Be7 12. Bxf6 Nxf6 13. 0-0 0-0 14. Qd3 Rfe8 15. Nbd2 Bd6 16. g3 Ne4 17. a3 Nxd2 18. Qxd2 Re4 19. Rfe1 Rae8 20. b4 Qa6 21. Kf2 Qc4 22. c3 a5 23. bxa5 Qa6 24. Rab1 Qxa5 25. Rxb7 Rxe1 26. Nxe1 Qxa3 27. Rb1 c5 28. Qb2 Ra8 29. Nc2 Qa6 30. Ra1 Qc8 31. Rxa8 Qxa8 32. Ne3 cxd4 33. cxd4 Qa5 34. Kf3 Qe1 35. h4 h5 36. Qc2 Qh1+ 37. Qg2 Qa1 38. Qd2 Qh1+ 1/2-1/2

[Event "Trebic Highlands op 11th"]
[Site "Trebic"]
[Date "2017.09.24"]
[Round "2"]
[White "Brasoy, Aksel"]
[Black "Piankov, Evgenij"]
[Result "1/2-1/2"]
[WhiteElo "1964"]
[BlackElo "2258"]
[PlyCount "118"]
[EventDate "2017.09.23"]
[EventType "swiss"]
[EventRounds "9"]
[EventCountry "CZE"]
[SourceTitle "EXT 2018"]
[Source "ChessBase"]
[SourceDate "2017.10.13"]
[SourceVersion "1"]
[SourceVersionDate "2017.10.13"]
[SourceQuality "1"]

1. d4 d5 2. c4 c6 3. Nf3 a6 4. e3 Nf6 5. Nc3 b5 6. b3 Bg4 7. Be2 e6 8. 0-0 Be7 9. h3 Bh5 10. Ne5 Bxe2 11. Qxe2 0-0 12. Bb2 Qb6 13. a4 bxc4 14. bxc4 Nbd7 15. Nxd7 Nxd7 16. Rab1 Qa5 17. c5 Bf6 18. Qc2 e5 19. Na2 Rfe8 20. Bc3 Qc7 21. Qd2 exd4 22. exd4 Re4 23. Rfe1 Rb8 24. Nb4 Qc8 25. Qd3 a5 26. Nc2 Rxe1+ 27. Rxe1 Nf8 28. Bxa5 Ra8 29. Bd2 Rxa4 30. Ra1 Qa8 31. Rxa4 Qxa4 32. Qc3 h5 33. g3 h4 34. g4 Ne6 35. Be3 Qa2 36. Nb4 Qa4 37. Kg2 Qb5 38. Qd2 Bd8 39. Nd3 Bc7 40. Bf4 Ba5 41. Qe3 Bc3 42. Be5 Qc4 43. Nf4 Bxd4 44. Bxd4 Qxd4 45. Qxd4 Nxd4 46. Nd3 f6 47. f4 g6 48. Kf2 Kf7 49. Ke3 Nb3 50. Nb4 Na5 51. Nc2 Nb3 52. Nb4 Nxc5 53. Nxc6 Ke6 54. Nd4+ Kd6 55. Nf3 Ne6 56. Nxh4 Nxf4 57. Kxf4 g5+ 58. Kg3 gxh4+ 59. Kxh4 Ke5 1/2-1/2

[Event "Ile et Vilaine op"]
[Site "Rennes"]
[Date "2017.07.12"]
[Round "6"]
[White "Piankov, Evgenij"]
[Black "Stephan, Victor"]
[Result "1/2-1/2"]
[WhiteElo "2249"]
[BlackElo "2352"]
[PlyCount "135"]
[EventDate "2017.07.08"]
[EventType "swiss"]
[EventRounds "9"]
[EventCountry "FRA"]
[SourceTitle "EXT 2019"]
[Source "ChessBase"]
[SourceDate "2018.10.10"]
[SourceVersion "1"]
[SourceVersionDate "2018.10.10"]
[SourceQuality "1"]

1. d4 b6 2. Nf3 Bb7 3. g3 f5 4. Bg2 Nf6 5. 0-0 g6 6. c4 Bg7 7. Nc3 0-0 8. b3 Na6 9. Bb2 e6 10. Qd2 Qe7 11. Nh4 d5 12. Nf3 Rad8 13. e3 Ne4 14. Qe2 c6 15. Rfd1 Nb8 16. Ne5 Nd7 17. Nxd7 Rxd7 18. Rac1 Rfd8 19. c5 e5 20. Nxe4 dxe4 21. dxe5 Bxe5 22. Bxe5 Qxe5 23. Rxd7 Rxd7 24. cxb6 axb6 25. Rd1 Ba6 26. Qc2 Qc5 27. Qc1 Be2 28. Re1 Qxc1 29. Rxc1 Rd2 30. a4 Rd1+ 31. Rxd1 Bxd1 32. b4 Bxa4 33. Kf1 Kf7 34. Ke2 Ke6 35. Kd2 Bb5 36. g4 h6 37. gxf5+ gxf5 38. Kc3 Ke5 39. f4+ exf3 40. Bxf3 f4 41. exf4+ Kxf4 42. Bh5 Ke3 43. Be8 Kf3 44. Kd2 Kg2 45. h4 Kg3 46. h5 Kf4 47. Kc3 Ke5 48. Bd7 Kd6 49. Be8 Ke7 50. Bg6 c5 51. bxc5 bxc5 52. Kd2 Kf6 53. Ke3 Kg5 54. Ke4 Bc6+ 55. Kd3 Bd5 56. Kc3 Be6 57. Be8 Bg4 58. Kc4 Bxh5 59. Bc6 Kf4 60. Kxc5 Bg6 61. Kd4 h5 62. Bd7 h4 63. Be6 Be4 64. Bd7 Bc2 65. Be6 Bd1 66. Kd3 Bg4 67. Bxg4 h3 68. Bxh3 1/2-1/2

[Event "Ile et Vilaine op"]
[Site "Rennes"]
[Date "2017.07.10"]
[Round "4"]
[White "Bailet, Pierre"]
[Black "Piankov, Evgenij"]
[Result "1-0"]
[WhiteElo "2525"]
[BlackElo "2249"]
[PlyCount "53"]
[EventDate "2017.07.08"]
[EventType "swiss"]
[EventRounds "9"]
[EventCountry "FRA"]
[SourceTitle "EXT 2019"]
[Source "ChessBase"]
[SourceDate "2018.10.10"]
[SourceVersion "1"]
[SourceVersionDate "2018.10.10"]
[SourceQuality "1"]

1. e4 c6 2. d4 d5 3. Nd2 g6 4. Ngf3 Bg7 5. c3 Nh6 6. Bd3 0-0 7. 0-0 Bg4 8. Re1 e6 9. e5 c5 10. h3 Bxf3 11. Nxf3 cxd4 12. cxd4 Nc6 13. Bg5 Qb6 14. Qd2 Nf5 15. Bxf5 exf5 16. Rac1 f6 17. Bh6 fxe5 18. dxe5 Rad8 19. Bg5 Rd7 20. e6 Rd6 21. Bf4 Ne7 22. Bxd6 Qxd6 23. Qa5 Nc6 24. Qb5 Rb8 25. Rcd1 d4 26. e7 Nxe7 27. Qb3+ 1-0

[Event "Ile et Vilaine op"]
[Site "Rennes"]
[Date "2017.07.09"]
[Round "3"]
[White "Seite, Sullian"]
[Black "Piankov, Evgenij"]
[Result "0-1"]
[WhiteElo "1886"]
[BlackElo "2249"]
[PlyCount "80"]
[EventDate "2017.07.08"]
[EventType "swiss"]
[EventRounds "9"]
[EventCountry "FRA"]
[SourceTitle "EXT 2019"]
[Source "ChessBase"]
[SourceDate "2018.10.10"]
[SourceVersion "1"]
[SourceVersionDate "2018.10.10"]
[SourceQuality "1"]

1. c4 c6 2. e4 e5 3. d4 d6 4. Nc3 Nf6 5. d5 Be7 6. Nf3 0-0 7. Be2 Na6 8. 0-0 Nc5 9. Qc2 a5 10. Be3 cxd5 11. Bxc5 dxe4 12. Nxe4 dxc5 13. Nxe5 Nxe4 14. Qxe4 Bf6 15. Nd3 Re8 16. Qf3 Bd4 17. Rfe1 Ra6 18. Bf1 Rf6 19. Rxe8+ Qxe8 20. Qe2 Qxe2 21. Bxe2 Bf5 22. Rf1 Bxd3 23. Bxd3 Bxb2 24. Be4 b6 25. Re1 g6 26. Kf1 a4 27. f3 a3 28. Rd1 g5 29. g4 Kg7 30. Rd5 h6 31. Rd8 h5 32. h3 hxg4 33. hxg4 Rh6 34. Rd1 Rh2 35. Kg1 Be5 36. Bb1 Rb2 37. Re1 Bd4+ 38. Kf1 Rf2+ 39. Kg1 Rxa2+ 40. Kh1 Ra1 0-1

[Event "Ile et Vilaine op"]
[Site "Rennes"]
[Date "2017.07.08"]
[Round "1"]
[White "Dupitier, Mickael"]
[Black "Piankov, Evgenij"]
[Result "0-1"]
[WhiteElo "1789"]
[BlackElo "2249"]
[PlyCount "84"]
[EventDate "2017.07.08"]
[EventType "swiss"]
[EventRounds "9"]
[EventCountry "FRA"]
[SourceTitle "EXT 2019"]
[Source "ChessBase"]
[SourceDate "2018.10.10"]
[SourceVersion "1"]
[SourceVersionDate "2018.10.10"]
[SourceQuality "1"]

1. d4 d5 2. c4 c6 3. Nf3 Nf6 4. Qc2 g6 5. cxd5 cxd5 6. Nc3 Bg7 7. Bf4 0-0 8. e3 Nc6 9. Be2 Bf5 10. Qb3 Na5 11. Qb4 Ne4 12. Rc1 Rc8 13. 0-0 Bg4 14. Rfd1 e6 15. Kf1 Bxf3 16. gxf3 Nxc3 17. Rxc3 Rxc3 18. Qxc3 Nc6 19. b4 Qd7 20. b5 Ne7 21. Rc1 Rc8 22. Qa3 Bf8 23. Rxc8 Nxc8 24. Qc3 Bd6 25. Bg3 Kf8 26. a4 h5 27. f4 Be7 28. f3 Nd6 29. a5 Nxb5 30. Qb3 a6 31. Be1 Kg7 32. Bd3 Qc6 33. Bd2 Kg8 34. Ke2 Bd8 35. Kf1 Nd6 36. Ke2 Kg7 37. e4 dxe4 38. fxe4 Nxe4 39. Bb4 Nf6 40. Kf2 Qh1 41. Kg3 Qg1+ 42. Kh3 Qg4# 0-1

[Event "Liptovsky Mikulas Relax op"]
[Site "Liptovsky Mikulas"]
[Date "2016.11.14"]
[Round "2"]
[White "Piankov, Evgenij"]
[Black "Mruskovic, Radoslav"]
[Result "1-0"]
[WhiteElo "2266"]
[BlackElo "1964"]
[PlyCount "91"]
[EventDate "2016.11.13"]
[EventType "swiss"]
[EventRounds "7"]
[EventCountry "SVK"]
[SourceTitle "CBM 175 Extra"]
[Source "ChessBase"]
[SourceDate "2016.12.12"]
[SourceVersion "1"]
[SourceVersionDate "2016.12.12"]
[SourceQuality "1"]

1. d4 Nf6 2. Nf3 g6 3. Bg5 Bg7 4. e3 d5 5. c4 0-0 6. Nc3 e6 7. Qb3 c6 8. Be2 Nbd7 9. 0-0 dxc4 10. Qxc4 Nb6 11. Qb3 Nbd5 12. a3 Qb6 13. Qc2 Nxc3 14. bxc3 Qa5 15. e4 h6 16. Bh4 c5 17. Ne5 Rd8 18. Nc4 Qc7 19. e5 Nd5 20. Bxd8 Qxd8 21. Bf3 Qg5 22. Bxd5 exd5 23. Ne3 cxd4 24. f4 Qd8 25. cxd4 Qb6 26. Qc3 Be6 27. Rab1 Qa6 28. f5 Rc8 29. Qd2 gxf5 30. Nxf5 Bxf5 31. Rxf5 Qxa3 32. Rf3 Qe7 33. Qa5 Qg5 34. Qxd5 Rc1+ 35. Rxc1 Qxc1+ 36. Rf1 Qc7 37. e6 fxe6 38. Qxe6+ Kh8 39. d5 Qc5+ 40. Kh1 Qc4 41. Re1 a5 42. Qe8+ Kh7 43. d6 Qh4 44. d7 Bf6 45. Qf7+ Bg7 46. Qf5+ 1-0

[Event "Liptovsky Mikulas Relax op"]
[Site "Liptovsky Mikulas"]
[Date "2016.11.14"]
[Round "3"]
[White "Staffa, Lubomir"]
[Black "Piankov, Evgenij"]
[Result "0-1"]
[WhiteElo "2036"]
[BlackElo "2266"]
[PlyCount "88"]
[EventDate "2016.11.13"]
[EventType "swiss"]
[EventRounds "7"]
[EventCountry "SVK"]
[SourceTitle "CBM 175 Extra"]
[Source "ChessBase"]
[SourceDate "2016.12.12"]
[SourceVersion "1"]
[SourceVersionDate "2016.12.12"]
[SourceQuality "1"]

1. e4 c6 2. f4 d5 3. e5 g6 4. Nf3 Bg7 5. g3 Nh6 6. Bg2 0-0 7. 0-0 f6 8. exf6 exf6 9. c3 Bg4 10. h3 Bxf3 11. Qxf3 Nd7 12. d4 f5 13. Nd2 Nf6 14. Qf2 Nf7 15. b3 Re8 16. Re1 Qa5 17. Bb2 Rxe1+ 18. Qxe1 Re8 19. Qf2 Nd6 20. a4 Nde4 21. Bxe4 Nxe4 22. Nxe4 Rxe4 23. b4 Qa6 24. Re1 Qxa4 25. Rxe4 dxe4 26. Qe2 Qb5 27. Qd2 Qc4 28. Kf2 Kf7 29. Bc1 Bf6 30. h4 Ke6 31. Qb2 a6 32. Be3 Bd8 33. Qa3 Kd7 34. Qb2 Kc8 35. Qa3 Qd5 36. Bd2 Kb8 37. Qb2 Bb6 38. Be3 a5 39. bxa5 Bxa5 40. Qc2 Qc4 41. Bd2 c5 42. dxc5 Qxc5+ 43. Be3 Qxc3 44. Qa2 Qe1+ 0-1

[Event "Hradec Kralove op 7th"]
[Site "Hradec Kralove"]
[Date "2016.10.07"]
[Round "8"]
[White "Abdurakhimov, Peter"]
[Black "Piankov, Evgenij"]
[Result "0-1"]
[WhiteElo "1989"]
[BlackElo "2269"]
[PlyCount "108"]
[EventDate "2016.10.01"]
[EventType "swiss"]
[EventRounds "9"]
[EventCountry "CZE"]
[SourceTitle "EXT 2017"]
[Source "ChessBase"]
[SourceDate "2016.10.25"]
[SourceVersion "1"]
[SourceVersionDate "2016.10.25"]
[SourceQuality "1"]

1. e4 c6 2. Nf3 d5 3. Nc3 Nf6 4. e5 Ne4 5. d4 Bg4 6. Be2 Nxc3 7. bxc3 e6 8. 0-0 Nd7 9. Ng5 Bxe2 10. Qxe2 Be7 11. f4 g6 12. Qg4 h5 13. Qg3 Bxg5 14. fxg5 Qa5 15. a4 h4 16. Qf3 Rh7 17. Bd2 Nb6 18. Qd3 Nc4 19. Rf6 0-0-0 20. Raf1 Rd7 21. Ra1 Nxd2 22. Qxd2 c5 23. Qe3 Rc7 24. Rf2 cxd4 25. cxd4 Qc3 26. Qxc3 Rxc3 27. Raf1 Rc7 28. Rb1 Rc4 29. Rbf1 Rxd4 30. Rxf7 Rxf7 31. Rxf7 Rxa4 32. Rf6 a5 33. Rxg6 Rg4 34. Kf2 Rf4+ 35. Ke3 Re4+ 36. Kd3 Rxe5 37. Rg8+ Kd7 38. g6 Rg5 39. g3 hxg3 40. hxg3 e5 41. Ra8 Rxg6 42. Rxa5 Rxg3+ 43. Kd2 Kc6 44. Ra8 b5 45. Rc8+ Kd6 46. Rb8 Kc5 47. Rc8+ Kd4 48. Rb8 Rg2+ 49. Kd1 Ke3 50. Kc1 d4 51. Rxb5 e4 52. Rf5 Rf2 53. Rd5 Rf1+ 54. Kb2 Rd1 0-1